<?xml version='1.0' encoding='UTF-8'?>
  <record xmlns="http://www.loc.gov/MARC21/slim">
    <leader>00000nam a2200000 i 4500</leader>
    <controlfield tag="001">ocn974120855</controlfield>
    <controlfield tag="003">OCoLC</controlfield>
    <controlfield tag="005">20241220014101.8</controlfield>
    <controlfield tag="008">991018s1680    be            000 0 dut d</controlfield>
    <datafield tag="040" ind1=" " ind2=" ">
      <subfield code="a">QGJ</subfield>
      <subfield code="b">dut</subfield>
      <subfield code="c">QGJ</subfield>
      <subfield code="d">OCLCL</subfield>
      <subfield code="d">OCLCQ</subfield>
    </datafield>
    <datafield tag="035" ind1=" " ind2=" ">
      <subfield code="a">(OCoLC)974120855</subfield>
    </datafield>
    <datafield tag="100" ind1="1" ind2=" ">
      <subfield code="a">Vermeulen, Christianus,</subfield>
      <subfield code="d">1611-1668.</subfield>
    </datafield>
    <datafield tag="245" ind1="1" ind2="0">
      <subfield code="a">Den oprechten schriftuerelijcken Roomsch-Catholycken mondt-stopper, aen alle tegenwoordige oncatholijke leeraers, en nieuw-gesinde leerlingen: bysonderlijck aen Andreas Essenius, Calvino-Gommarist predicant tot Utrecht /</subfield>
      <subfield code="c">door C. Molina.</subfield>
    </datafield>
    <datafield tag="250" ind1=" " ind2=" ">
      <subfield code="a">9de dr. /</subfield>
      <subfield code="b">door den autheur selfs merckelijck verm., ende bysonderlijck verlicht.</subfield>
    </datafield>
    <datafield tag="264" ind1=" " ind2="1">
      <subfield code="a">Tot Leuven :</subfield>
      <subfield code="b">by Nicolaes Braau,</subfield>
      <subfield code="c">[ca. 1680]</subfield>
    </datafield>
    <datafield tag="300" ind1=" " ind2=" ">
      <subfield code="a">[6], 369, [5] p. ;</subfield>
      <subfield code="c">15 cm</subfield>
    </datafield>
    <datafield tag="336" ind1=" " ind2=" ">
      <subfield code="a">tekst</subfield>
      <subfield code="b">txt</subfield>
      <subfield code="2">rdacontent/dut</subfield>
    </datafield>
    <datafield tag="337" ind1=" " ind2=" ">
      <subfield code="a">zonder medium</subfield>
      <subfield code="b">n</subfield>
      <subfield code="2">rdamedia/dut</subfield>
    </datafield>
    <datafield tag="338" ind1=" " ind2=" ">
      <subfield code="a">band</subfield>
      <subfield code="b">nc</subfield>
      <subfield code="2">rdacarrier/dut</subfield>
    </datafield>
    <datafield tag="340" ind1=" " ind2=" ">
      <subfield code="m">12-o.</subfield>
    </datafield>
    <datafield tag="562" ind1=" " ind2=" ">
      <subfield code="a">ex. ODB 789: met aantekeningen in handschrift.</subfield>
      <subfield code="5">NL-UtRU</subfield>
    </datafield>
    <datafield tag="562" ind1=" " ind2=" ">
      <subfield code="a">ex. ALV 57-180B: p. 23-24 ontbreekt en is vervangen door een blad met de tekst in 19de-eeuws handschrift.</subfield>
      <subfield code="5">NL-UtRU</subfield>
    </datafield>
    <datafield tag="500" ind1=" " ind2=" ">
      <subfield code="a">Imprint: Tot Leuven, By Nicolaes Braau, in de Korte Beggijne-straet.</subfield>
    </datafield>
    <datafield tag="530" ind1=" " ind2=" ">
      <subfield code="a">Also available in online version.</subfield>
    </datafield>
    <datafield tag="600" ind1="1" ind2="4">
      <subfield code="a">Essenius, Andreas.</subfield>
    </datafield>
    <datafield tag="700" ind1="1" ind2=" ">
      <subfield code="a">Dalenus, Johannes,</subfield>
      <subfield code="e">censor.</subfield>
      <subfield code="4">cns</subfield>
    </datafield>
    <datafield tag="700" ind1="1" ind2=" ">
      <subfield code="a">Block, J.</subfield>
      <subfield code="3">ex. WRT 26-72,</subfield>
      <subfield code="e">former owner.</subfield>
      <subfield code="4">fmo</subfield>
      <subfield code="5">NL-UtRU</subfield>
    </datafield>
    <datafield tag="700" ind1="1" ind2=" ">
      <subfield code="a">Weenings, ex. ALV 57-180B,</subfield>
      <subfield code="e">former owner.</subfield>
      <subfield code="4">fmo</subfield>
      <subfield code="5">NL-UtRU</subfield>
    </datafield>
    <datafield tag="710" ind1="2" ind2=" ">
      <subfield code="a">Bibliotheek Minderbroedersklooster Alverna (Wijchen)</subfield>
      <subfield code="3">ex. ALV 57-180B</subfield>
      <subfield code="e">former owner.</subfield>
      <subfield code="4">fmo</subfield>
      <subfield code="5">NL-UtRU</subfield>
    </datafield>
    <datafield tag="710" ind1="2" ind2=" ">
      <subfield code="a">Minderbroederklooster (Weert)</subfield>
      <subfield code="3">ex. WRT 26-72</subfield>
      <subfield code="e">former owner.</subfield>
      <subfield code="4">fmo</subfield>
      <subfield code="5">NL-UtRU</subfield>
    </datafield>
    <datafield tag="710" ind1="2" ind2=" ">
      <subfield code="a">Oud-Katholiek Seminarie (Amersfoort)</subfield>
      <subfield code="3">ex. ODB 789</subfield>
      <subfield code="e">former owner.</subfield>
      <subfield code="4">fmo</subfield>
      <subfield code="5">NL-UtRU</subfield>
    </datafield>
    <datafield tag="758" ind1=" " ind2=" ">
      <subfield code="a">Den oprechten schriftuerelijcken Roomsch-Catholycken mondt-stopper, aen alle tegenwoordige oncatholijke leeraers, en nieuw-gesinde leerlingen: bysonderlijck aen Andreas Essenius, Calvino-Gommarist predicant tot Utrecht (Text)</subfield>
      <subfield code="1">https://id.oclc.org/worldcat/entity/E39PD39MxrqjJdgWT8H6jXWwfq</subfield>
      <subfield code="4">https://id.oclc.org/worldcat/ontology/hasWork</subfield>
    </datafield>
    <datafield tag="776" ind1="0" ind2="8">
      <subfield code="i">Online version:</subfield>
      <subfield code="a">Vermeulen, Christianus,</subfield>
      <subfield code="t">Den oprechten schriftuerelijcken Roomsch-Catholycken mondt-stopper, aen alle tegenwoordige oncatholijke leeraers, en nieuw-gesinde leerlingen: bysonderlijck aen Andreas Essenius, Calvino-Gommarist predicant tot Utrecht.</subfield>
      <subfield code="d">Tot Leuven : by Nicolaes Braau, [ca. 1680]</subfield>
    </datafield>
    <datafield tag="856" ind1="4" ind2="1">
      <subfield code="u">http://objects.library.uu.nl/reader/resolver.php?obj=001317399&amp;type=2</subfield>
      <subfield code="x">Online</subfield>
      <subfield code="z">Full Text</subfield>
    </datafield>
    <datafield tag="936" ind1=" " ind2=" ">
      <subfield code="a">BATCHLOAD</subfield>
    </datafield>
  </record>